000 00439nam a2200157Ia 4500
008 240729s9999 xx 000 0 und d
022 _a2772-3542
245 0 _aJournal of Primary Care Dentistry and Oral Health
260 _aIndia
260 _bWolters Kluwer Medknow Publications
650 _a Dentistry
650 _aMedicine
856 _uhttps://doaj.org/toc/d607806743ff4ee7bf9ce946c9d5e440
942 _2ddc
942 _cDOAJEJ
999 _c69486
_d69486
945 _a1
_bMadushi Gamage
_c1
_dMadushi Gamage